| 000 | 00743nam a22002292 4500 | ||
|---|---|---|---|
| 001 | 0000013247 | ||
| 005 | 20151217145901.0 | ||
| 008 | 090720s xx 000 0 eng d | ||
| 020 | _a1572300629 : | ||
| 040 |
_aKABU _cKABU |
||
| 100 | 1 |
_aTobin, Graham A. _@0000170400 |
|
| 245 | 1 | 0 |
_aNatural hazards : _bexplanation and integration / _cGraham A. Tobin and Burrell E. Montz. |
| 250 | _a1st ed. | ||
| 260 |
_aNew York : _bGuilford Press, _c1997. |
||
| 300 | _axi, 388 p. | ||
| 650 | 0 |
_aNatural disasters. _@0000149725 |
|
| 700 | 1 |
_aMontz, Burrell E. _@0000170401 |
|
| 852 | 1 | _9p4125 KES | |
| 852 | 1 | _9p3374 KES | |
| 908 | _a090720 | ||
| 950 | _@1 | ||
| 999 |
_c3693 _d3693 |
||